The natural history of Edward Lear / (Record no. 3283)
[ view plain ]
| 000 -LEADER | |
|---|---|
| fixed length control field | 02694cam a2200241 i 4500 |
| 008 - FIXED-LENGTH DATA ELEMENTS--GENERAL INFORMATION | |
| fixed length control field | 201210s2021 njua b 001 0beng |
| 020 ## - INTERNATIONAL STANDARD BOOK NUMBER | |
| ISBN | 9780691217239 |
| 100 1# - MAIN ENTRY--AUTHOR | |
| Author | Peck, Robert McCracken, |
| 245 14 - TITLE STATEMENT | |
| Title | The natural history of Edward Lear / |
| Statement of responsibility, etc | Robert McCracken Peck ; foreword by David Attenborough. |
| 250 ## - EDITION STATEMENT | |
| Edition statement | New edition. |
| 260 ## - PUBLICATION, DISTRIBUTION, ETC. (IMPRINT) | |
| Place of publication | New Jersey |
| Name of publisher | Princeton University Press |
| Date of publication | 2021 |
| 300 ## - COLLATION | |
| Pagination | xi, 227 pages : |
| Other physical details | illustrations (chiefly color) ; |
| 500 ## - GENERAL NOTE | |
| General note | "First published in 2016 by David R. Godine, Publisher, Inc."--Colophon. |
| 520 ## - SUMMARY, ETC. | |
| Summary, etc | "Edward Lear is well known as the brilliant writer of nonsense poetry, children's books, and travel books who popularized the limerick, and wrote verses such as "The Owl and the Pussycat." But few people are aware that Lear was one of the most talented and accomplished painters of natural history subjects in the nineteenth century, and worked with British scientists, collectors, and publishers to make Britain the nexus for scientific investigation and its circulation. One of the best ornithological artists of his generation, Lear published his first book, a monograph on the parrot family, at age 18, and established a format that would be followed by decades by such publishers as John Gould, with whom he worked closely and often anonymously. Over his career, Lear produced a multitude of drawings of birds and mammals from around the world for scientific publications, public institutions, and individual patrons, not just of English species, but of birds and mammals from Australia, New Zealand, and the Americas. He is also the Lear in the name of the rare species Lear's Macaw. In this book, Peck has assembled the first comprehensive view of this important part of Lear's career. Featuring over 200 illustrations and a foreword by Sir David Attenborough, the book also examines the influence Lear had on modern artists such as Walton Ford and Tony Foster. This new edition includes a new chapter that addresses Lear's continued fascination with wildlife and the natural world after giving up his career as a scientific illustrator, and his fascination with domestic pets, from his own beloved cat which he cartooned repeatedly, to the portraits of dogs owned by his family and friends, alongside thirteen never-before-published illustrations, including fully finished watercolors, rough preliminary sketches, and whimsical cartoons"-- |
| 650 #0 - TRACINGS | |
| Main Subject | Natural history illustrators |
| Subdivision (1st) | Biography. |
| 650 #0 - TRACINGS | |
| Main Subject | Artists |
| Subdivision (1st) | Biography. |
| 650 #0 - TRACINGS | |
| Main Subject | Poets, English |
| Subdivision (1st) | Biography. |
| 650 #0 - TRACINGS | |
| Main Subject | Natural history illustration |
| 700 0# - ADDITIONAL AUTHOR | |
| Additional Author | Attenborough, David, |
| 942 ## - ADDED ENTRY ELEMENTS (KOHA) | |
| Item type | Books |
| 050 00 - LIBRARY OF CONGRESS CALL NUMBER | |
| Classification number | QH31.L424 |
| Item number | P43 2021 |
| 082 00 - DEWEY DECIMAL CLASSIFICATION NUMBER | |
| Classification number | 508.092 |
| -- | B |
| Source of classification or shelving scheme | Not for loan | Permanent location | Current location | Date acquired | Accession No. | Full call number | Barcode. | Koha item type |
|---|---|---|---|---|---|---|---|---|
| Library of Congress Classification | Samuel Ogbemudia Main Library, University of Abuja | Samuel Ogbemudia Main Library, University of Abuja | 05/05/2025 | 2024/64233 | QH31.L424.P43 | 2025-1738 | Books |